000 00707nam a2200253Ia 4500
003 OSt
005 20221006143700.0
006 a|||||r|||| 00| 0
007 ta
008 221006b |||||||| |||| 00| 0 eng d
020 _c887.00
024 _a9,643
037 _cTextual
040 _aEASL
_cEASL
_beng
041 _2eng
_aeng
082 _aX:(B28).41.N84, M5
100 _aPRC, STATE STATISTICAL BUREAU Co.
_9650233
245 0 _aStatistical Yearbook of China 1985
260 _aOxford
_bOxford University Press
_c1985
300 _a674p.
_ccm.
490 _v RR
942 _hX:(B28).41.N84, M5
_cTEXL
_2CC
999 _c1077729
_d1077729